000 00900nam a2200277Ia 4500
003 OSt
005 20221005092239.0
006 a|||||r|||| 00| 0
007 ta
008 221004b |||||||| |||| 00| 0 eng d
020 _a9780415818889 (hbk)
_c7328.80
024 _a5966
037 _b38282, 25/07/2013, Segment Book Distributors
_cTextual
040 _aCRL
_cCRL
_beng
041 _2eng
_aeng
082 _aX:77.6, Q3
100 _aFalola Toyin Ed.
245 0 _aPolitical economy of development and underdevelopment in Africa
260 _aNew York
_bRoutledge U.S.A
_c2013
300 _aix, 438p.
_ccm.
490 _aRoutledge African studies
650 _aECONOMICS
700 _a Achberger Jessica Ed.
_9617046
942 _hX:77.6, Q3
_cTEXL
_2cc
999 _c998554
_d998554